书目信息 |
| 题名: |
市政安全员一本通
|
|
| 作者: | 张家驹 主编 | |
| 分册: | ||
| 出版信息: | 北京 中国建材工业出版社 2010.04 |
|
| 页数: | 465页 | |
| 开本: | 21cm | |
| 丛书名: | 市政施工现场管理人员一本通系列丛书 | |
| 单 册: | ||
| 中图分类: | TU99 | |
| 科图分类: | ||
| 主题词: | 市政工程--shi zheng gong cheng--工程施工--安全技术--基本知识 | |
| 电子资源: | ||
| ISBN: | 978-7-80227-720-5 | |
| 000 | 01144nam 2200277 450 | |
| 001 | 012010360308 | |
| 005 | 20100627085643.14 | |
| 010 | @a978-7-80227-720-5@dCNY33.00 | |
| 100 | @a20100624d2010 em y0chiy0120 ea | |
| 101 | 0 | @achi |
| 102 | @aCN@b110000 | |
| 105 | @aak a 000yy | |
| 106 | @ar | |
| 200 | 1 | @a市政安全员一本通@Ashi zheng an quan yuan yi ben tong@f本书编委会编@Fben shu bian wei hui bian |
| 210 | @a北京@c中国建材工业出版社@d2010.04 | |
| 215 | @a465页@c图@d21cm | |
| 225 | 2 | @a市政施工现场管理人员一本通系列丛书@Ashi zheng shi gong xian chang guan li ren yuan yi ben tong xi lie cong shu |
| 314 | @a书中题名 : 张家驹主编 | |
| 320 | @a有书目 | |
| 330 | @a本书阐述了道路和桥梁施工安全技术、市政暗挖施工安全技术、市政给水与排水施工安全技术、市政供热与燃气管道施工安全技术、市政工程施工人员安全管理、市政施工机械安全使用、市政工程施工伤亡事故管理等內容。 | |
| 410 | 0 | @12001 @a市政施工现场管理人员一本通系列丛书 |
| 606 | 0 | @a市政工程@Ashi zheng gong cheng@x工程施工@x安全技术@x基本知识 |
| 690 | @aTU99@v4 | |
| 701 | 0 | @a张家驹@Azhang jia ju@4主编 |
| 801 | 0 | @aCN@bQSSK@c20100627 |
| 905 | @b783962-66@dTU99@eZ122@f5 | |
| 市政安全员一本通/本书编委会编.-北京:中国建材工业出版社,2010.04 |
| 465页:图;21cm.-(市政施工现场管理人员一本通系列丛书) |
| ISBN 978-7-80227-720-5:CNY33.00 |
| 本书阐述了道路和桥梁施工安全技术、市政暗挖施工安全技术、市政给水与排水施工安全技术、市政供热与燃气管道施工安全技术、市政工程施工人员安全管理、市政施工机械安全使用、市政工程施工伤亡事故管理等內容。 |
| ● |
| 相关链接 |
|
|
|
正题名:市政安全员一本通
索取号:TU99/Z122
 
预约/预借
| 序号 | 登录号 | 条形码 | 馆藏地/架位号 | 状态 | 备注 |
| 1 | 783962 | 207839623 | 市政与环境工程学院资料室/101建筑库 93排2列5层/ [索取号:TU99/Z122] | 在馆 | |
| 2 | 783963 | 207839632 | 建筑库201/201建筑库 123排1列4层/ [索取号:TU99/Z122] | 在馆 | |
| 3 | 783964 | 207839641 | 建筑库201/201建筑库 123排1列4层/ [索取号:TU99/Z122] | 在馆 | |
| 4 | 783965 | 207839650 | 市政与环境工程学院资料室/101建筑库 93排2列5层/ [索取号:TU99/Z122] | 在馆 | |
| 5 | 783966 | 207839669 | 建筑库201/201建筑库 123排1列4层/ [索取号:TU99/Z122] | 在馆 |